| 000 | 01346 a2200337 4500 | ||
|---|---|---|---|
| 001 | 25702 | ||
| 999 |
_c25702 _d12146 |
||
| 003 | TR-AnTOB | ||
| 005 | 20190408213637.0 | ||
| 008 | 060413s1996 nyua b 00110 eng | ||
| 010 | _a95036612 | ||
| 020 | _a0471133167 (cloth : acid-free paper) | ||
| 040 |
_aDLC _cDLC _dDLC |
||
| 041 | _aeng | ||
| 050 | 0 |
_aTA455.C43 _bW38 1996 |
|
| 090 | _aTA455.C43 W38 1996 | ||
| 100 |
_aWachtman, J. B., _d1928- _921879 |
||
| 245 | 0 |
_aMechanical properties of ceramics / _cJohn B. Wachtman. |
|
| 264 | 1 |
_aNew York : _bWiley, _cc1996. |
|
| 300 |
_axxii, 448 p. : _bill. ; _c25 cm. |
||
| 500 | _a"A Wiley-Interscience publication." | ||
| 504 | _aIncludes bibliographical references (p. 413-442) and index. | ||
| 650 |
_aSeramik malzeme _xMekanik özellikler _921880 |
||
| 650 |
_aCeramic materials _xMechanical properties _921881 |
||
| 856 | 4 |
_uhttp://www.loc.gov/catdir/bios/wiley042/95036612.html _3Contributor biographical information |
|
| 857 | 4 |
_uhttp://www.loc.gov/catdir/description/wiley034/95036612.html _3Publisher description |
|
| 858 | 4 |
_uhttp://www.loc.gov/catdir/toc/onix05/95036612.html _3Table of Contents |
|
| 906 |
_a7 _bcbc _corignew _d1 _eocip _f19 _gy-gencatlg |
||
| 942 | _cBK | ||